| 000 | 00613cam a2200253 4500 | ||
|---|---|---|---|
| 001 | 4089114 | ||
| 005 | 20180125091606.0 | ||
| 008 | 740322t19741973nyua b 001 0 eng | ||
| 010 | _a 73091343 | ||
| 020 | _a080523540X | ||
| 040 |
_aDLC _cDLC _dDLC |
||
| 041 | _aeng | ||
| 043 | _ae-uk--- | ||
| 060 | _aW275 FA1 M981b 1974 | ||
| 080 | _a362.1 MUR | ||
| 082 | 0 | 0 | _a362.1 MUR |
| 100 | 1 | _a3 | |
| 101 | _aSHM | ||
| 245 | 1 | 0 |
_aBlueprint for health, _cby D. Stark Murray. |
| 350 | _a$7.50 | ||
| 504 | _aBibliography: p. 216. | ||
| 906 |
_a7 _bcbc _corignew _d1 _eopcn _f19 _gy-gencatlg |
||
| 942 |
_2ddc _cBK |
||
| 999 |
_c40979 _d40979 |
||